|
|
|
|
| LEADER |
00000nam0a2200000 4500 |
| 001 |
282787 |
| 005 |
20231101235531.0 |
| 035 |
|
|
|a (RuTPU)RU\TPU\book\306762
|
| 090 |
|
|
|a 282787
|
| 100 |
|
|
|a 20150203d1984 km y0rusy50 ca
|
| 101 |
0 |
|
|a rus
|
| 102 |
|
|
|a RU
|
| 105 |
|
|
|a a z 101zy
|
| 200 |
1 |
|
|a Иерархические микропроцессорные структуры автоматического управления аварийными режимами систем энергетики
|e материалы научно-технического семинара, 11-13 января, 1983 г. в г. Сыктывкаре
|f Академия наук СССР (АН СССР), Коми филиал ; под ред. Н. А. Манова
|
| 210 |
|
|
|a Сыктывкар
|c Изд-во АН СССР, Коми филиал
|d 1984
|
| 215 |
|
|
|a 150 с.
|c ил.
|
| 320 |
|
|
|a Библиогр. в конце ст.
|
| 606 |
1 |
|
|a Энергетические системы
|x Аварийная разгрузка, автоматическая
|2 stltpush
|3 (RuTPU)RU\TPU\subj\21251
|9 46270
|
| 610 |
1 |
|
|a энергетика
|
| 610 |
1 |
|
|a аварийные режимы
|
| 610 |
1 |
|
|a микропроцессорные системы
|
| 610 |
1 |
|
|a тепловые электрические станции
|
| 610 |
1 |
|
|a автоматическое управление
|
| 610 |
1 |
|
|a иерархические структуры
|
| 610 |
1 |
|
|a ЭВМ
|
| 610 |
1 |
|
|a автоматика
|
| 610 |
1 |
|
|a измерительные преобразователи
|
| 610 |
1 |
|
|a изоляция
|
| 610 |
1 |
|
|a обмотки
|
| 610 |
1 |
|
|a программируемая защита
|
| 610 |
1 |
|
|a нагрузки
|
| 610 |
1 |
|
|a релейная защита
|
| 610 |
1 |
|
|a материалы конференций
|
| 675 |
|
|
|a 621.311-5(063)
|v 3
|
| 702 |
|
1 |
|a Манов
|b Н. А.
|4 340
|
| 712 |
0 |
2 |
|a Академия наук СССР (АН СССР)
|b Коми филиал
|c (Сыктывкар)
|c (1949-1987)
|2 stltpush
|3 (RuTPU)RU\TPU\col\12242
|
| 712 |
1 |
2 |
|a Иерархические микропроцессорные структуры автоматического управления аварийными режимами систем энергетики
|c семинар
|e Сыктывкар
|f 1983
|4 570
|
| 801 |
|
1 |
|a RU
|b 63413507
|c 20150203
|
| 801 |
|
2 |
|a RU
|b 63413507
|c 20170120
|g RCR
|
| 942 |
|
|
|c BK
|